000
00204nam a2200085Ia 4500
008
220204s9999 xx 000 0 und d
100
_a
Davis, Maxine
245
0
_a
Sexual responsibility of women
942
_c
BK
999
_c
29505
_d
29505